[Event "Turkey Cup 2019"]
[Site "Belek"]
[Date "2019.01.31"]
[Round "8.14"]
[White "Gazioglu, Halit"]
[Black "Karaoglan, Doruk"]
[Result "0-1"]
[WhiteElo "1909"]
[BlackElo "2142"]
[Annotator "NA"]
[PlyCount "114"]
[EventDate "2019.01.27"]
[EventType "swiss"]
[EventCountry "TUR"]
[SourceTitle "playchess.com"]
[Source "ChessBase"]
[SourceQuality "1"]

1. d4 Nf6 2. c4 g6 3. Nf3 Bg7 4. Nc3 O-O 5. g3 d6 6. Bg2 Nbd7 7. O-O e5 8. e3 c6 9. b3 Re8 10. Bb2 Qc7 11. Qc2 Nf8 12. Rae1 Bf5 13. e4 Bg4 14. dxe5 dxe5 15. Nd2 Rad8 16. f3 Bc8 17. Nd1 Ne6 18. Bc3 Nh5 19. Ne3 Nd4 20. Qb2 Be6 21. Rf2 Re7 22. b4 Red7 23. a4 f5 24. c5 f4 25. Nef1 fxg3 26. hxg3 Rf7 27. Kh2 Qe7 28. Re3 Qg5 29. Rd3 Nxg3 30. Nxg3 Qh4+ 31. Kg1 Qxg3 32. Nf1 Qh4 33. Bd2 Ne2+ 34. Rxe2 Rxd3 35. Be1 Qd8 36. Bf2 Rb3 37. Qc1 Rxb4 38. Rd2 Rd7 39. Rd6 Rxd6 40. cxd6 Rc4 41. Qb2 Qd7 42. a5 Ra4 43. Qd2 Bf8 44. Bc5 Rc4 45. Ba3 Rd4 46. Qg5 Bxd6 47. Bb2 Rb4 48. Bc3 Rc4 49. Bb2 Qe7 50. Qh6 Qg7 51. Qg5 Qe7 52. Qh6 Rc2 53. Bc1 Qf8 54. Qg5 Qe7 55. Qh6 Qg7 56. Bh3 Bc5+ 57. Kh1 Qxh6 0-1

[Event "Turkey Cup 2019"]
[Site "Belek"]
[Date "2019.01.31"]
[Round "8.15"]
[White "Gundogan, Sinem Cagla"]
[Black "Guven, Oguz Kagan"]
[Result "0-1"]
[WhiteElo "1860"]
[BlackElo "2087"]
[Annotator "NA"]
[PlyCount "88"]
[EventDate "2019.01.27"]
[EventType "swiss"]
[EventCountry "TUR"]
[SourceTitle "playchess.com"]
[Source "ChessBase"]
[SourceQuality "1"]

1. Nf3 d5 2. d4 Nf6 3. e3 g6 4. Bd3 Bg7 5. O-O O-O 6. Nbd2 c5 7. b3 a5 8. c4 cxd4 9. exd4 Nc6 10. Bb2 a4 11. bxa4 Nb4 12. Bb1 Bd7 13. a3 Bxa4 14. Qe2 Nc6 15. c5 Nd7 16. Ba2 Nxc5 17. Rab1 Ne6 18. Ba1 Ra7 19. Qe3 Qd6 20. Rfc1 Rfa8 21. Bc3 Nc7 22. Bb4 Nxb4 23. axb4 Bd7 24. Bb3 Bf5 25. Bc2 Bxc2 26. Rxc2 Ra3 27. Qe2 Ra1 28. Rcc1 Rxb1 29. Rxb1 e6 30. b5 Qb6 31. Qd3 Ne8 32. Qc3 Qa5 33. Qc5 Bf8 34. Qc2 Nd6 35. b6 Rc8 36. Qb2 Bh6 37. g3 Qc3 38. Kg2 Bxd2 39. Nxd2 Qxb2 40. Rxb2 Nc4 41. Nxc4 Rxc4 42. Kf3 Rxd4 43. Ke3 Rc4 44. h4 Kf8 0-1

[Event "Turkey Cup 2019"]
[Site "Belek"]
[Date "2019.01.31"]
[Round "8.16"]
[White "Aslan, Dogukan"]
[Black "Baylav, Can"]
[Result "1-0"]
[WhiteElo "1709"]
[BlackElo "2108"]
[Annotator "NA"]
[PlyCount "117"]
[EventDate "2019.01.27"]
[EventType "swiss"]
[EventCountry "TUR"]
[SourceTitle "playchess.com"]
[Source "ChessBase"]
[SourceQuality "1"]

1. d4 Nf6 2. c4 g6 3. Nc3 d5 4. cxd5 Nxd5 5. e4 Nxc3 6. bxc3 Bg7 7. Qa4+ Nd7 8. Nf3 O-O 9. Be2 c5 10. O-O b6 11. Rd1 Qc7 12. e5 e6 13. Be3 a6 14. Rac1 Bb7 15. Nd2 b5 16. Qc2 Rac8 17. Qb1 f5 18. exf6 Nxf6 19. c4 b4 20. dxc5 a5 21. Bf3 Bxf3 22. Nxf3 Nd7 23. Qe4 Rce8 24. Rd6 Nf6 25. Qc6 Qxc6 26. Rxc6 Ne4 27. Rd1 Nc3 28. Rd2 a4 29. Rb6 b3 30. axb3 a3 31. Bd4 a2 32. Bxc3 Ra8 33. Rxa2 Rxa2 34. Bxg7 Kxg7 35. h3 e5 36. Rb7+ Kf6 37. Rb6+ Kf5 38. c6 Ke4 39. c7 Rc8 40. Rc6 Ra7 41. Ng5+ Kd3 42. Ne6 e4 43. b4 Ra4 44. b5 Rb4 45. b6 Rb1+ 46. Kh2 Ke2 47. Nc5 Kxf2 48. Nxe4+ Kf1 49. Nd6 Rb2 50. Kg3 Rf8 51. c8=Q Rxg2+ 52. Kh4 Rf4+ 53. Qg4 Rgxg4+ 54. hxg4 h5 55. Kg3 Rxg4+ 56. Kf3 g5 57. b7 Rf4+ 58. Ke3 Rf8 59. Rc8 1-0

[Event "Turkey Cup 2019"]
[Site "Belek"]
[Date "2019.01.31"]
[Round "8.17"]
[White "Erdogan, Anil Berk"]
[Black "Sade, Defne"]
[Result "1/2-1/2"]
[WhiteElo "2090"]
[BlackElo "1952"]
[Annotator "NA"]
[PlyCount "68"]
[EventDate "2019.01.27"]
[EventType "swiss"]
[EventCountry "TUR"]
[SourceTitle "playchess.com"]
[Source "ChessBase"]
[SourceQuality "1"]

1. e4 e5 2. Nf3 Nc6 3. Bb5 a6 4. Ba4 Nf6 5. Bxc6 dxc6 6. d3 Bd6 7. Nbd2 Be6 8. b3 O-O 9. Bb2 Nd7 10. Qe2 f6 11. c3 b5 12. O-O Qe8 13. h3 Qh5 14. Nd4 Qxe2 15. Nxe2 a5 16. d4 a4 17. Rfd1 Nb6 18. Rab1 Ra7 19. Nc1 c5 20. d5 Bf7 21. Nd3 Bg6 22. g4 Nxd5 23. f3 Nb6 24. Kf1 axb3 25. axb3 c4 26. bxc4 bxc4 27. Nb4 Bf7 28. Rdc1 Rfa8 29. Ke2 Na4 30. Nd5 Nb6 31. Nb4 Rb7 32. Ba1 Rab8 33. Nc6 Ra8 34. Nb4 Rba7 1/2-1/2

[Event "Turkey Cup 2019"]
[Site "Belek"]
[Date "2019.01.31"]
[Round "8.18"]
[White "Aydogdu, Cagatay"]
[Black "Caglar, Ahmet Ata"]
[Result "0-1"]
[WhiteElo "1727"]
[BlackElo "2093"]
[Annotator "NA"]
[PlyCount "142"]
[EventDate "2019.01.27"]
[EventType "swiss"]
[EventCountry "TUR"]
[SourceTitle "playchess.com"]
[Source "ChessBase"]
[SourceQuality "1"]

1. c4 e5 2. Nc3 Nf6 3. g3 d5 4. cxd5 Nxd5 5. Bg2 Nb6 6. d3 Nc6 7. Nf3 Be7 8. O-O O-O 9. e3 Bg4 10. h3 Bh5 11. g4 Bg6 12. d4 exd4 13. exd4 Bf6 14. Be3 Nb4 15. Qb3 a5 16. Rac1 Bd3 17. g5 Be7 18. a3 Bxf1 19. Kxf1 N4d5 20. h4 c6 21. Nxd5 Nxd5 22. Qxb7 Rb8 23. Qxc6 Nxe3+ 24. fxe3 Rxb2 25. Qc3 Ra2 26. Ne5 Rxa3 27. Qc4 Bd6 28. Nc6 Qb6 29. e4 Qb2 30. Qc2 Qxc2 31. Rxc2 f6 32. gxf6 Rxf6+ 33. Ke2 Bg3 34. Ne7+ Kf7 35. Nf5 g6 36. Nxg3 Rxg3 37. Rc7+ Kg8 38. Bh1 Rb6 39. e5 Rb2+ 40. Kf1 Rd3 41. Ke1 Rxd4 42. Bc6 Rb6 43. e6 Rd6 44. e7 Re6+ 45. Kf2 Rbxc6 46. Rxc6 Rxe7 47. Ra6 Re5 48. Ra7 Rb5 49. Kg3 h6 50. Kh3 Rb3+ 51. Kg4 Rb4+ 52. Kg3 a4 53. h5 gxh5 54. Kf3 h4 55. Kg2 Kf8 56. Kf2 Ke8 57. Ke1 h3 58. Kf2 Rh4 59. Kg1 h2+ 60. Kh1 Kd8 61. Ra5 Kc7 62. Ra6 Kb7 63. Ra5 Kb6 64. Ra8 Kb5 65. Rb8+ Kc4 66. Ra8 Kb3 67. Rf8 Rc4 68. Rf3+ Rc3 69. Rf1 a3 70. Rf8 a2 71. Rb8+ Kc2 0-1

[Event "Turkey Cup 2019"]
[Site "Belek"]
[Date "2019.01.31"]
[Round "8.19"]
[White "Ozturk, Oguzhan"]
[Black "Pektas, Yigit"]
[Result "0-1"]
[WhiteElo "1528"]
[BlackElo "2019"]
[Annotator "NA"]
[PlyCount "82"]
[EventDate "2019.01.27"]
[EventType "swiss"]
[EventCountry "TUR"]
[SourceTitle "playchess.com"]
[Source "ChessBase"]
[SourceQuality "1"]

1. d4 f5 2. Bg5 h6 3. Bh4 g5 4. e4 Nf6 5. e5 e6 6. exf6 Qxf6 7. Qh5+ Kd8 8. Nf3 gxh4 9. Nc3 Be7 10. O-O-O d6 11. g3 hxg3 12. hxg3 Bd7 13. Bc4 Be8 14. Qh3 Nd7 15. Rhe1 Bf7 16. Qh1 d5 17. Ne5 c6 18. Nxf7+ Qxf7 19. Bb3 Kc7 20. Re3 Rae8 21. Rde1 Bg5 22. f4 Bf6 23. Ne2 Bg7 24. Kb1 Nf6 25. Rc1 Ne4 26. Qe1 Kb8 27. Qb4 h5 28. c4 h4 29. gxh4 Qe7 30. c5 Rxh4 31. a4 Bh6 32. a5 a6 33. Ba4 Qc7 34. Rf1 Rg8 35. Qe1 Rh2 36. Rh1 Bxf4 37. Nxf4 Qxf4 38. Bxc6 Rxh1 39. Qxh1 Qxe3 40. Qh7 Nd2+ 41. Kc2 Qb3+ 0-1

[Event "Turkey Cup 2019"]
[Site "Belek"]
[Date "2019.01.31"]
[Round "8.20"]
[White "Yucesoy, Atil"]
[Black "Buker, Muhittin"]
[Result "1-0"]
[WhiteElo "1685"]
[BlackElo "1978"]
[Annotator "NA"]
[PlyCount "47"]
[EventDate "2019.01.27"]
[EventType "swiss"]
[EventCountry "TUR"]
[SourceTitle "playchess.com"]
[Source "ChessBase"]
[SourceQuality "1"]

1. d4 d5 2. Bf4 Nf6 3. e3 e6 4. Bd3 Bd6 5. Bg3 c5 6. c3 Nc6 7. Nf3 O-O 8. Nbd2 b6 9. e4 dxe4 10. Nxe4 Nxe4 11. Bxe4 Bb7 12. dxc5 Bxc5 13. Qa4 Rc8 14. Rd1 Qf6 15. Bh4 Qh6 16. Bg5 Qh5 17. g4 b5 18. Qc2 Qxg4 19. Rg1 Qh5 20. Bf6 g6 21. Rg5 Bxf2+ 22. Qxf2 Qh6 23. Rg4 Rfe8 24. Rh4 1-0

[Event "Turkey Cup 2019"]
[Site "Belek"]
[Date "2019.01.31"]
[Round "8.21"]
[White "Kocak, Can"]
[Black "Caner, Resul"]
[Result "1-0"]
[WhiteElo "1994"]
[BlackElo "1884"]
[Annotator "NA"]
[PlyCount "199"]
[EventDate "2019.01.27"]
[EventType "swiss"]
[EventCountry "TUR"]
[SourceTitle "playchess.com"]
[Source "ChessBase"]
[SourceQuality "1"]

1. e4 e6 2. d4 d5 3. Nd2 Nf6 4. e5 Nfd7 5. Bd3 c5 6. c3 Nc6 7. Ne2 cxd4 8. cxd4 f6 9. exf6 Nxf6 10. O-O Bd6 11. Nf3 O-O 12. Bf4 Bxf4 13. Nxf4 Ne4 14. Ne2 Rxf3 15. gxf3 Ng5 16. f4 Nh3+ 17. Kg2 Nxf4+ 18. Nxf4 Qg5+ 19. Kh1 Qxf4 20. Rg1 g6 21. Qg4 Qxd4 22. Qxd4 Nxd4 23. Rad1 Nc6 24. h4 Kf7 25. h5 gxh5 26. Bxh7 Bd7 27. Rd3 Ne5 28. Rdg3 Bc6 29. f3 Rh8 30. Bc2 d4 31. Be4 Kf6 32. Bxc6 bxc6 33. Rd1 Rd8 34. Kg1 Kf5 35. Kf2 c5 36. Rh3 Kf4 37. Rh4+ Kg5 38. Rh3 Kf4 39. Rg1 Rh8 40. Rh4+ Kf5 41. Rgh1 Nd3+ 42. Ke2 Nf4+ 43. Kd2 c4 44. R4h2 Rg8 45. Rc1 Rg3 46. Rxc4 e5 47. Rf2 Nh3 48. Rf1 Rg2+ 49. Kc1 d3 50. Rc8 Nf4 51. Rh8 Rh2 52. Ra8 h4 53. Rxa7 h3 54. Rh7 Rg2 55. Rh1 Rc2+ 56. Kb1 Rf2 57. a4 Re2 58. a5 Kg6 59. a6 Kxh7 60. a7 d2 61. Kc2 Re1 62. Kxd2 Rxh1 63. a8=Q Rh2+ 64. Kc3 Re2 65. Qb7+ Kg6 66. Qb6+ Kf5 67. Qg1 Rg2 68. Qb1+ Ke6 69. Qh7 Rg5 70. Qh6+ Rg6 71. Qh4 Kd5 72. b4 Rg3 73. Qd8+ Ke6 74. Qe8+ Kd6 75. Qd8+ Ke6 76. Qd1 h2 77. Qh1 Rh3 78. Kd2 Nh5 79. f4 Nxf4 80. b5 Rg3 81. b6 Rb3 82. Qc6+ Kf5 83. b7 Kg4 84. Kc2 Rb4 85. Qh1 Rb6 86. Kc3 Kg3 87. Qe1+ Kg2 88. Qe4+ Kg3 89. Kc4 Rxb7 90. Qxb7 Ng2 91. Qb1 Kf2 92. Qh1 Kg3 93. Kd3 Ne1+ 94. Qxe1+ Kg2 95. Qe2+ Kg1 96. Qg4+ Kf2 97. Qh3 e4+ 98. Kd4 Kg1 99. Qg3+ Kh1 100. Qf2 1-0

[Event "Turkey Cup 2019"]
[Site "Belek"]
[Date "2019.01.31"]
[Round "8.22"]
[White "Buke, Furkan"]
[Black "Zekeriyaoglu, Ersen"]
[Result "1-0"]
[WhiteElo "2044"]
[BlackElo "1759"]
[Annotator "NA"]
[PlyCount "83"]
[EventDate "2019.01.27"]
[EventType "swiss"]
[EventCountry "TUR"]
[SourceTitle "playchess.com"]
[Source "ChessBase"]
[SourceQuality "1"]

1. e4 e5 2. Nf3 d5 3. Nxe5 Bd6 4. d4 dxe4 5. Nc4 Nf6 6. Be2 O-O 7. Nxd6 Qxd6 8. O-O Nc6 9. c3 Bf5 10. Nd2 Nd5 11. Nc4 Qg6 12. Bh5 Qe6 13. Ne3 Rad8 14. Nxd5 Rxd5 15. Bf4 Qd7 16. Be2 b5 17. a4 a6 18. axb5 axb5 19. Qb3 Be6 20. Qc2 Bf5 21. Ra6 h6 22. Qb3 Ne7 23. Ra7 g5 24. Rxc7 Qd8 25. Bg3 Be6 26. Qa3 Nf5 27. Qa7 Nxg3 28. hxg3 Rd7 29. Rxd7 Bxd7 30. Qb7 Qe8 31. Re1 Bc6 32. Qc7 f5 33. Qd6 Kg7 34. Ra1 Rf6 35. Ra7+ Kg6 36. Bh5+ Kxh5 37. Qxf6 Kg4 38. Qxh6 Qh5 39. Qxc6 b4 40. Qb7 bxc3 41. bxc3 Qh6 42. Qh7 1-0

[Event "Turkey Cup 2019"]
[Site "Belek"]
[Date "2019.01.31"]
[Round "8.23"]
[White "Sahin, Handenur"]
[Black "Yenil, Mucahit"]
[Result "1-0"]
[WhiteElo "1998"]
[BlackElo "1714"]
[Annotator "NA"]
[PlyCount "55"]
[EventDate "2019.01.27"]
[EventType "swiss"]
[EventCountry "TUR"]
[SourceTitle "playchess.com"]
[Source "ChessBase"]
[SourceQuality "1"]

1. e4 c5 2. c3 d5 3. exd5 Qxd5 4. d4 Nc6 5. Nf3 Bg4 6. Be2 cxd4 7. cxd4 Nf6 8. h3 Bh5 9. Nc3 Qa5 10. O-O Rd8 11. Qb3 Bxf3 12. Bxf3 Nxd4 13. Qxb7 Nxf3+ 14. Qxf3 e6 15. Qc6+ Rd7 16. Be3 Qc7 17. Qa4 Bc5 18. Nb5 Qb6 19. Bxc5 Qxc5 20. Rac1 Qb6 21. Rc8+ Rd8 22. Nxa7+ Ke7 23. Nc6+ Kd7 24. Rxd8+ Rxd8 25. Nxd8+ Kxd8 26. Rd1+ Nd5 27. b3 Ke7 28. Qh4+ 1-0

[Event "Turkey Cup 2019"]
[Site "Belek"]
[Date "2019.01.31"]
[Round "8.24"]
[White "Karadeniz, Ali Emre"]
[Black "Camdereli, Gunduz"]
[Result "1/2-1/2"]
[WhiteElo "2257"]
[BlackElo "1724"]
[Annotator "NA"]
[PlyCount "95"]
[EventDate "2019.01.27"]
[EventType "swiss"]
[EventCountry "TUR"]
[SourceTitle "playchess.com"]
[Source "ChessBase"]
[SourceQuality "1"]

1. d4 Nf6 2. c4 g6 3. Nf3 Bg7 4. g3 O-O 5. Bg2 c5 6. O-O cxd4 7. Nxd4 Nc6 8. Nc3 Qb6 9. Nb3 d6 10. Be3 Qd8 11. h3 Be6 12. c5 d5 13. Nd4 Bc8 14. Nxc6 bxc6 15. Bd4 Re8 16. f4 Rb8 17. Qa4 Rxb2 18. Qxc6 Rb4 19. Bxf6 Bxf6 20. Nxd5 Bd4+ 21. e3 Bb7 22. Nxb4 Bxc6 23. Nxc6 Bxe3+ 24. Kh2 Qc7 25. Rfe1 Bxc5 26. Rac1 Qb6 27. Ne5 Rd8 28. Re2 h5 29. h4 Kg7 30. Rec2 Be3 31. Nc4 Qd4 32. Nxe3 Qxe3 33. Rc3 Rd3 34. Rxd3 Qxd3 35. a4 a5 36. Rc5 Qd2 37. Re5 Kf8 38. Re4 f6 39. Kh3 Qc3 40. Kh2 Kf7 41. Kh3 e5 42. fxe5 fxe5 43. Kh2 Kf6 44. Re2 g5 45. hxg5+ Kxg5 46. Re4 Kf5 47. Rh4 Kg5 48. Re4 1/2-1/2

[Event "Turkey Cup 2019"]
[Site "Belek"]
[Date "2019.01.31"]
[Round "8.25"]
[White "Hereklioglu, Sude"]
[Black "Korkmaz, Necmettin"]
[Result "0-1"]
[WhiteElo "1951"]
[BlackElo "2053"]
[Annotator "NA"]
[PlyCount "86"]
[EventDate "2019.01.27"]
[EventType "swiss"]
[EventCountry "TUR"]
[SourceTitle "playchess.com"]
[Source "ChessBase"]
[SourceQuality "1"]

1. d4 d5 2. Nf3 Nf6 3. g3 g6 4. Bg2 Bg7 5. O-O O-O 6. Ne5 Ng4 7. Nxg4 Bxg4 8. c3 Qd7 9. f3 Be6 10. Bf4 Na6 11. Nd2 c5 12. Nb3 b6 13. Be3 Rac8 14. Bf2 Rfd8 15. a4 Bf5 16. e4 dxe4 17. fxe4 Bg4 18. Qe1 cxd4 19. cxd4 Rc2 20. e5 Qe6 21. Nc1 Bh6 22. Nd3 Qc4 23. Ra3 Be2 24. Nf4 Bxf4 25. gxf4 Rxb2 26. Qa1 Bxf1 27. Qxb2 Bxg2 28. Kxg2 Rc8 29. Qb5 Nb4 30. Qd7 Qd5+ 31. Qxd5 Nxd5 32. Kf3 e6 33. a5 b5 34. a6 b4 35. Rb3 Rc6 36. Rb1 Rxa6 37. Rc1 b3 38. Rb1 Rb6 39. Be3 a5 40. Bc1 Nc3 41. Ra1 b2 42. Bxb2 Rxb2 43. Rxa5 Rxh2 0-1

[Event "Turkey Cup 2019"]
[Site "Belek"]
[Date "2019.01.31"]
[Round "8.26"]
[White "Kul, Ozdemir Efe"]
[Black "Bayik, Hasan"]
[Result "1/2-1/2"]
[WhiteElo "1998"]
[BlackElo "1825"]
[Annotator "NA"]
[PlyCount "126"]
[EventDate "2019.01.27"]
[EventType "swiss"]
[EventCountry "TUR"]
[SourceTitle "playchess.com"]
[Source "ChessBase"]
[SourceQuality "1"]

1. e4 c6 2. d3 d5 3. Nd2 e5 4. Ngf3 Bd6 5. g3 Bg4 6. Bg2 Qd7 7. h3 Be6 8. Ng5 d4 9. O-O f6 10. Nxe6 Qxe6 11. f4 Nd7 12. Nc4 Bc7 13. a4 Nb6 14. Na5 O-O-O 15. f5 Qf7 16. b4 Bd6 17. Bd2 Ne7 18. Qf3 Kb8 19. Rfb1 Rc8 20. Bf1 g6 21. fxg6 hxg6 22. Nc4 Qe6 23. Nxb6 axb6 24. c4 f5 25. b5 fxe4 26. Qxe4 Nf5 27. Kh2 Rcf8 28. Bg2 Bc7 29. bxc6 Nd6 30. Qe2 e4 31. Bf4 e3 32. a5 b5 33. c5 g5 34. cxd6 gxf4 35. dxc7+ Kxc7 36. g4 f3 37. Bxf3 Qe5+ 38. Kg1 Rxh3 39. Rf1 Qg3+ 40. Qg2 Rxf3 41. Rxf3 Qxf3 42. Rf1 Qxg2+ 43. Kxg2 e2 44. Re1 Rxd3 45. cxb7 Re3 46. a6 Kb8 47. Kf2 Re6 48. Rxe2 Rxa6 49. Rb2 Rb6 50. Rb4 Kxb7 51. Rxd4 b4 52. g5 b3 53. Rd1 Ka6 54. Ke3 Rb4 55. Kf3 Ka5 56. g6 Rb7 57. Kf4 Kb4 58. Kg5 b2 59. Kf6 Rb6+ 60. Kf7 Kc3 61. g7 Rb7+ 62. Kf6 Rxg7 63. Kxg7 Kc2 1/2-1/2

[Event "Turkey Cup 2019"]
[Site "Belek"]
[Date "2019.01.31"]
[Round "8.27"]
[White "Kilic, Cihan"]
[Black "Kizilkus, Akin"]
[Result "1/2-1/2"]
[WhiteElo "1886"]
[BlackElo "2100"]
[Annotator "ChessBase"]
[PlyCount "128"]
[EventDate "2019.01.27"]
[EventType "swiss"]
[EventCountry "TUR"]
[SourceTitle "playchess.com"]
[Source "ChessBase"]
[SourceQuality "1"]

1. Nf3 Nf6 2. d4 g6 3. Bf4 Bg7 4. e3 O-O 5. Nbd2 d6 6. h3 c5 7. c3 cxd4 8. exd4 Nc6 9. Be2 e5 10. dxe5 dxe5 11. Nxe5 Nd5 12. Nxc6 bxc6 13. Bg3 Re8 14. O-O Bxc3 15. Qc1 Rxe2 16. bxc3 Qf6 17. c4 Nc3 18. Kh2 Bf5 19. Nf3 Rae8 20. Bh4 Qg7 21. Qa3 R2e4 22. Qxa7 Rxc4 23. Rfe1 Be6 24. a4 f6 25. Qa5 g5 26. Bg3 Ne4 27. Nd2 Nxd2 28. Qxd2 Qf7 29. a5 Ra8 30. Qd6 Bd5 31. a6 Ra7 32. Qd8+ Kg7 33. Bb8 Rd7 34. Qe8 c5 35. a7 Qxe8 36. Rxe8 Kf7 37. Rh8 Kg7 38. Rc8 Bb7 39. a8=Q Bxa8 40. Rxa8 Rd2 41. Ra7+ Kg6 42. Bg3 h5 43. Ra3 h4 44. Bb8 Rxf2 45. Rf3 Rxf3 46. gxf3 Rc2+ 47. Kg1 Kf5 48. Rc6 c4 49. Kf1 Rc1+ 50. Ke2 Rh1 51. Rxc4 Rxh3 52. Rc5+ Ke6 53. Rc1 f5 54. Rc6+ Kf7 55. Rc5 Ke6 56. Rc6+ Kf7 57. Be5 g4 58. Rf6+ Ke7 59. f4 Ra3 60. Rxf5 h3 61. Rh5 h2 62. f5 Rh3 63. Rxh3 gxh3 64. Bxh2 Kf6 1/2-1/2

[Event "Turkey Cup 2019"]
[Site "Belek"]
[Date "2019.01.31"]
[Round "8.28"]
[White "Benk, Tolga Tugay"]
[Black "Yigit, Ahmet Yasir"]
[Result "1/2-1/2"]
[WhiteElo "1863"]
[BlackElo "2032"]
[Annotator "NA"]
[PlyCount "62"]
[EventDate "2019.01.27"]
[EventType "swiss"]
[EventCountry "TUR"]
[SourceTitle "playchess.com"]
[Source "ChessBase"]
[SourceQuality "1"]

1. d4 Nf6 2. Bg5 Ne4 3. Bf4 d5 4. e3 c5 5. Nf3 Nc6 6. c3 e6 7. Bd3 f5 8. Ne5 Nf6 9. Nd2 Bd6 10. Ndf3 O-O 11. Nxc6 bxc6 12. Bxd6 Qxd6 13. O-O Nd7 14. Qe2 e5 15. dxe5 Nxe5 16. Nxe5 Qxe5 17. f3 Re8 18. Rae1 Rb8 19. e4 c4 20. Bb1 Qc7 21. Qf2 fxe4 22. fxe4 Be6 23. exd5 Bxd5 24. Rxe8+ Rxe8 25. Re1 Rxe1+ 26. Qxe1 g6 27. Be4 Qb6+ 28. Kh1 Qxb2 29. Bxd5+ cxd5 30. Qe8+ Kg7 31. Qe7+ Kg8 1/2-1/2

[Event "Turkey Cup 2019"]
[Site "Belek"]
[Date "2019.01.31"]
[Round "8.29"]
[White "Koc, Ilkay"]
[Black "Cam, Vedat"]
[Result "1-0"]
[WhiteElo "2000"]
[BlackElo "1882"]
[Annotator "NA"]
[PlyCount "75"]
[EventDate "2019.01.27"]
[EventType "swiss"]
[EventCountry "TUR"]
[SourceTitle "playchess.com"]
[Source "ChessBase"]
[SourceQuality "1"]

1. d4 g6 2. c4 Bg7 3. Nf3 Nf6 4. Nc3 O-O 5. Bg5 h6 6. Bh4 d6 7. e3 c6 8. Be2 Nbd7 9. Qc2 e5 10. O-O Qe7 11. Rfd1 g5 12. Bg3 Nh5 13. dxe5 Nxg3 14. hxg3 dxe5 15. Ne4 Nc5 16. Nd6 f5 17. Nxc8 Raxc8 18. Rab1 f4 19. b4 Ne6 20. c5 Nc7 21. Bc4+ Kh8 22. Rd6 fxg3 23. fxg3 e4 24. Nd4 Qe5 25. Kh2 Nd5 26. Qe2 Rf6 27. Rxf6 Bxf6 28. Rf1 Nxb4 29. Qh5 Bg7 30. Rf5 Qe8 31. Bf7 Qe7 32. Ne6 Rg8 33. Bxg8 Kxg8 34. Qg6 Nd5 35. Nxg7 Qxg7 36. Qe8+ Kh7 37. Rf7 Nf6 38. Qe7 1-0

[Event "Turkey Cup 2019"]
[Site "Belek"]
[Date "2019.01.31"]
[Round "8.30"]
[White "Caliskan, Seha"]
[Black "Ozsakallioglu, Okan"]
[Result "0-1"]
[WhiteElo "1917"]
[BlackElo "2051"]
[Annotator "NA"]
[PlyCount "80"]
[EventDate "2019.01.27"]
[EventType "swiss"]
[EventCountry "TUR"]
[SourceTitle "playchess.com"]
[Source "ChessBase"]
[SourceQuality "1"]

1. d4 Nf6 2. Nf3 g6 3. Bg5 Bg7 4. Nbd2 d6 5. e4 O-O 6. c3 c5 7. dxc5 dxc5 8. Be2 Qc7 9. O-O Nc6 10. Qc2 h6 11. Be3 b6 12. h3 Nh5 13. Rfe1 Nf4 14. Bf1 g5 15. Rad1 Bb7 16. a4 Ng6 17. Bc4 e6 18. Ba2 Rfd8 19. b4 cxb4 20. cxb4 Qe7 21. b5 Nb4 22. Qb1 Nxa2 23. Qxa2 Rd3 24. Rc1 Ra3 25. Qc4 Rc8 26. Qf1 Rxc1 27. Rxc1 Rxa4 28. Qd3 Ra3 29. Qc4 Ne5 30. Qc7 Qxc7 31. Rxc7 Ra1+ 32. Kh2 Nxf3+ 33. Nxf3 Bxe4 34. Rc8+ Kh7 35. Nd4 Be5+ 36. f4 gxf4 37. Bf2 f3+ 38. g3 Ra2 39. Kg1 Rxf2 40. Kxf2 Bxd4+ 0-1

[Event "Turkey Cup 2019"]
[Site "Belek"]
[Date "2019.01.31"]
[Round "8.31"]
[White "Baltaci, Ismail Tarik"]
[Black "Temel, Burcu Melis"]
[Result "0-1"]
[WhiteElo "2014"]
[BlackElo "1796"]
[Annotator "NA"]
[PlyCount "68"]
[EventDate "2019.01.27"]
[EventType "swiss"]
[EventCountry "TUR"]
[SourceTitle "playchess.com"]
[Source "ChessBase"]
[SourceQuality "1"]

1. e4 c5 2. Nf3 Nc6 3. d4 cxd4 4. Nxd4 e6 5. Nc3 Qc7 6. g3 a6 7. Bg2 Nf6 8. O-O Be7 9. Nxc6 dxc6 10. Qe2 e5 11. a4 O-O 12. h3 Ne8 13. Be3 a5 14. Kh2 Be6 15. b3 Nd6 16. f4 f6 17. Rad1 Rad8 18. Bf3 exf4 19. Bxf4 Qc8 20. Bg2 Nf7 21. Qh5 g5 22. Be3 Ne5 23. Qe2 Bb4 24. Na2 Bd6 25. Bb6 Bc7 26. Bc5 Rf7 27. Rxd8+ Qxd8 28. Nc3 Nd7 29. Rd1 Qb8 30. Bf2 Ne5 31. Qe3 h5 32. Kh1 Qc8 33. Kh2 h4 34. Ne2 Rh7 0-1

[Event "Turkey Cup 2019"]
[Site "Belek"]
[Date "2019.01.31"]
[Round "8.32"]
[White "Eke, Salih"]
[Black "Kocyigit, Buse Naz"]
[Result "1/2-1/2"]
[WhiteElo "1801"]
[BlackElo "2043"]
[Annotator "NA"]
[PlyCount "96"]
[EventDate "2019.01.27"]
[EventType "swiss"]
[EventCountry "TUR"]
[SourceTitle "playchess.com"]
[Source "ChessBase"]
[SourceQuality "1"]

1. d4 Nf6 2. c4 g6 3. g3 Bg7 4. Nf3 O-O 5. Bg2 d5 6. cxd5 Nxd5 7. Nc3 c5 8. O-O cxd4 9. Nxd4 Nxc3 10. bxc3 Qa5 11. Qb3 Na6 12. Ba3 Re8 13. Qb5 Qxb5 14. Nxb5 Bd7 15. Rab1 Bc6 16. e4 b6 17. c4 Bxb5 18. cxb5 Nc5 19. e5 Rac8 20. Bc6 Red8 21. Bxc5 bxc5 22. f4 e6 23. Rfd1 Rd4 24. Rxd4 cxd4 25. Kf2 Bf8 26. Ke2 Bc5 27. Kd3 Rd8 28. a4 Bb6 29. Rd1 Ba5 30. Kc4 Bc3 31. Rd3 Kf8 32. Kc5 Ba5 33. Kc4 Ke7 34. Rxd4 Rxd4+ 35. Kxd4 Bb6+ 36. Ke4 h5 37. h3 f6 38. exf6+ Kxf6 39. g4 hxg4 40. hxg4 g5 41. fxg5+ Kxg5 42. Bd7 Kxg4 43. Bxe6+ Kg5 44. Kd5 Kf6 45. Bh3 Ke7 46. Kc6 Kd8 47. Kb7 Bd4 48. a5 Be3 1/2-1/2

[Event "Turkey Cup 2019"]
[Site "Belek"]
[Date "2019.01.31"]
[Round "8.33"]
[White "Yuksel, Davut Can"]
[Black "Cilek, Bora"]
[Result "1-0"]
[WhiteElo "1836"]
[BlackElo "1907"]
[Annotator "NA"]
[PlyCount "105"]
[EventDate "2019.01.27"]
[EventType "swiss"]
[EventCountry "TUR"]
[SourceTitle "playchess.com"]
[Source "ChessBase"]
[SourceQuality "1"]

1. d4 Nf6 2. c4 g6 3. Nf3 Bg7 4. g3 O-O 5. Bg2 d6 6. O-O Nc6 7. Nc3 a6 8. h3 e5 9. d5 Ne7 10. e4 Ne8 11. b4 f5 12. Ne1 Nf6 13. Kh2 Bd7 14. Nd3 Qc8 15. f3 h5 16. Be3 h4 17. gxh4 f4 18. Bf2 Nh5 19. c5 Qe8 20. a4 Bf6 21. Nb2 Kg7 22. Nc4 Nc8 23. c6 bxc6 24. dxc6 Bxc6 25. Nd5 Qd8 26. Rc1 Bxd5 27. Qxd5 Ne7 28. Qe6 Qc8 29. Qxc8 Rfxc8 30. b5 axb5 31. axb5 Rd8 32. b6 cxb6 33. Nxb6 Ra2 34. Rc7 Kf7 35. Nd5 Ke6 36. Nb4 Rb2 37. Nd3 Rd2 38. Nb4 Rb8 39. Be1 Re2 40. Bc3 Ng7 41. Rd1 Ne8 42. Ra7 Bxh4 43. Kh1 Rc8 44. Ba1 Re1+ 45. Rxe1 Bxe1 46. Nd3 Bc3 47. h4 Nc6 48. Ra6 Ne7 49. Bh3+ Kf7 50. Bxc8 Bxa1 51. Bb7 Bd4 52. Nb4 Bc5 53. Nd5 1-0